000
00242 a2200097 4500
001
59875
100
_a
245
_a
Encyclopaedia of Nuclear Physics; Quantum Physics
260
_a
New Delhi
_b
Anmol Publications
_c
2006
090
_c
36710
_d
36710
942
_a
NUST-CAE
_c
_c
29681
999
_c
294948
_d
294948